[Event "NAYCC U16"]
[Site "Kingston CAN"]
[Date "2025.08.21"]
[Round "6.9"]
[White "Wu, Nolan"]
[Black "Xu, Leon"]
[Result "1/2-1/2"]
[WhiteElo "1926"]
[BlackElo "2045"]
[WhiteFideId "-1"]
[WhiteFideId "-1"]
[PlyCount "71"]
[GameId "2218014717112660"]
[EventDate "2025.08.18"]
[EventType "swiss"]
[EventRounds "9"]
[EventCountry "CAN"]

1. e4 e6 2. d4 d5 3. Nd2 Be7 4. Ngf3 Nf6 5. e5 Nfd7 6. Bd3 c5 7. c3 Nc6 8. O-O a5 9. a4 cxd4 10. cxd4 O-O 11. Re1 f6 12. exf6 Nxf6 13. Nf1 Qb6 14. Ng3 Ng4 15. Be3 Bd7 16. Qb1 h6 17. Nh5 Nxe3 18. fxe3 Kh8 19. Kh1 e5 20. Nxe5 Nxe5 21. dxe5 Bg5 22. e4 d4 23. Rf1 Qc7 24. Qa2 Bg4 25. Ng3 Qxe5 26. Qd5 Bf4 27. Qxe5 Bxe5 28. Nf5 Bxf5 29. Rxf5 Rxf5 30. exf5 Rc8 31. g3 Kg8 32. Kg2 Kf7 33. Kf3 Ke7 34. Re1 Kf6 35. h3 b6 36. Kg4 1/2-1/2

[Event "NAYCC U16"]
[Site "Kingston CAN"]
[Date "2025.08.21"]
[Round "6.10"]
[White "Li, Edward"]
[Black "Dhaliwal, Jaipreet Singh"]
[Result "0-1"]
[WhiteElo "1844"]
[BlackElo "2036"]
[WhiteFideId "-1"]
[WhiteFideId "-1"]
[PlyCount "56"]
[GameId "2218014716981559"]
[EventDate "2025.08.18"]
[EventType "swiss"]
[EventRounds "9"]
[EventCountry "CAN"]

1. e4 c5 2. Nc3 d6 3. f4 Nc6 4. Bb5 Bd7 5. Nf3 g6 6. O-O Bg7 7. d3 Nf6 8. e5 dxe5 9. Nxe5 Nd4 10. Bc4 O-O 11. Be3 Rc8 12. Ne2 Ng4 13. Bxd4 cxd4 14. Nxg4 Bxg4 15. h3 Bd7 16. Qd2 e6 17. c3 Bc6 18. Nxd4 Bxd4+ 19. cxd4 Qxd4+ 20. Qf2 Rfd8 21. Rfd1 h5 22. g3 Bf3 23. Re1 b5 24. Bxb5 Rc2 25. Qxd4 Rxd4 26. Bc4 h4 27. Re3 Bb7 28. Rae1 Rg2+ 0-1

[Event "NAYCC U16"]
[Site "Kingston CAN"]
[Date "2025.08.21"]
[Round "6.11"]
[White "Kurup, Siddharth"]
[Black "Hong, Zihan"]
[Result "1-0"]
[WhiteElo "2022"]
[BlackElo "1881"]
[WhiteFideId "-1"]
[WhiteFideId "-1"]
[PlyCount "149"]
[GameId "2218014716989752"]
[EventDate "2025.08.18"]
[EventType "swiss"]
[EventRounds "9"]
[EventCountry "CAN"]

1. d4 d5 2. c4 dxc4 3. Nf3 a6 4. a4 Nf6 5. e3 e6 6. Bxc4 c5 7. O-O Nc6 8. Nc3 Be7 9. dxc5 Bxc5 10. Qe2 O-O 11. Rd1 Qc7 12. h3 b6 13. e4 Ne5 14. Ba2 Bb7 15. Bf4 Nxf3+ 16. Qxf3 Qc6 17. Re1 Bb4 18. Rac1 Bxc3 19. Rxc3 Qxa4 20. Bb1 Rac8 21. Ra3 Qb4 22. Qe2 Rfd8 23. Bg5 e5 24. Bxf6 gxf6 25. Rg3+ Kh8 26. Ba2 Rc2 27. Qg4 Qf8 28. Qh5 Rd7 29. Rg4 Rxb2 30. Re3 Rxa2 31. Rh4 h6 32. Rg3 Ra1+ 33. Kh2 Bxe4 34. Rxe4 Rd4 35. Rxe5 fxe5 36. Qxe5+ f6 37. Qxd4 Ra5 38. Qxb6 Rg5 39. Rf3 Qg7 40. g3 Rg6 41. Qxa6 Qe7 42. Re3 Qf7 43. Qd6 f5 44. Re7 Rxd6 45. Rxf7 Rd5 46. Kg2 Kg8 47. Ra7 Rb5 48. Kf3 Rb3+ 49. Kf4 Rb5 50. Re7 Ra5 51. Re5 Ra2 52. Kf3 Ra3+ 53. Kg2 f4 54. g4 Kg7 55. Re4 f3+ 56. Kg3 Kg6 57. Rf4 h5 58. Rxf3 Ra1 59. Rb3 Rg1+ 60. Kh4 hxg4 61. hxg4 Rh1+ 62. Kg3 Rg1+ 63. Kf4 Rf1 64. f3 Ra1 65. Rb6+ Kg7 66. g5 Ra4+ 67. Kf5 Ra5+ 68. Kg4 Ra4+ 69. f4 Ra1 70. Rb7+ Kg8 71. g6 Rg1+ 72. Kf5 Ra1 73. Kg5 Rg1+ 74. Kf6 Rxg6+ 75. Kxg6 1-0

[Event "NAYCC U16"]
[Site "Kingston CAN"]
[Date "2025.08.21"]
[Round "6.12"]
[White "Zhang, Brian"]
[Black "Wang, Andy"]
[Result "1/2-1/2"]
[WhiteElo "1985"]
[BlackElo "1792"]
[WhiteFideId "-1"]
[WhiteFideId "-1"]
[PlyCount "56"]
[GameId "2218014717002041"]
[EventDate "2025.08.18"]
[EventType "swiss"]
[EventRounds "9"]
[EventCountry "CAN"]

1. e4 e5 2. Nf3 Nc6 3. Nc3 Nf6 4. d4 exd4 5. Nxd4 Bb4 6. Nxc6 bxc6 7. Bd3 d5 8. exd5 cxd5 9. O-O O-O 10. Bg5 c6 11. Qf3 Be7 12. h3 Be6 13. Rad1 h6 14. Bh4 Nd7 15. Bxe7 Qxe7 16. Rfe1 Qf6 17. Qxf6 Nxf6 18. Ne2 Rfe8 19. Nd4 Bd7 20. c4 Rab8 21. Rxe8+ Bxe8 22. cxd5 cxd5 23. Rd2 Kf8 24. Rc2 Rb7 25. b3 g6 26. Kf1 Ke7 27. Ke2 Kd6 28. Kd1 Rc7 1/2-1/2

[Event "NAYCC U16"]
[Site "Kingston CAN"]
[Date "2025.08.21"]
[Round "6.13"]
[White "Song, Jiacai"]
[Black "Qian, Eric"]
[Result "0-1"]
[WhiteElo "1702"]
[BlackElo "1967"]
[WhiteFideId "-1"]
[WhiteFideId "-1"]
[PlyCount "98"]
[GameId "2218014717006138"]
[EventDate "2025.08.18"]
[EventType "swiss"]
[EventRounds "9"]
[EventCountry "CAN"]

1. d4 d5 2. c4 e6 3. Nc3 Nf6 4. Bg5 Be7 5. Nf3 O-O 6. e3 h6 7. Bxf6 Bxf6 8. Rc1 a6 9. cxd5 exd5 10. Bd3 c6 11. h3 Re8 12. O-O Be7 13. Qb3 Nd7 14. Na4 Bd6 15. Nc5 Qc7 16. Rfe1 Nf6 17. Bb1 Rb8 18. Qc3 Ne4 19. Nxe4 dxe4 20. Nd2 Qe7 21. a3 Qh4 22. Nxe4 Rxe4 23. Bxe4 Qxe4 24. Qc2 Qh4 25. e4 Be6 26. Rcd1 Rc8 27. Qd3 Qf4 28. e5 Bb8 29. g3 Qg5 30. f4 Qh5 31. g4 Qh4 32. f5 Bd5 33. Re2 h5 34. gxh5 Qxh5 35. Rf2 Be4 36. Qxe4 Qxd1+ 37. Kg2 Ba7 38. Rf4 Qb3 39. f6 Qd5 40. Qxd5 cxd5 41. Rg4 g6 42. h4 Rc4 43. h5 Rxd4 44. Rg5 Rd2+ 45. Kh3 Be3 46. Rg3 Bf4 47. Rc3 gxh5 48. Rc8+ Kh7 49. e6 Rh2# 0-1

[Event "NAYCC U16"]
[Site "Kingston CAN"]
[Date "2025.08.21"]
[Round "6.14"]
[White "Muthukumaran, Gurru"]
[Black "Tseng, Bradley"]
[Result "1-0"]
[WhiteElo "1939"]
[BlackElo "1786"]
[WhiteFideId "-1"]
[WhiteFideId "-1"]
[PlyCount "119"]
[GameId "2218014717014331"]
[EventDate "2025.08.18"]
[EventType "swiss"]
[EventRounds "9"]
[EventCountry "CAN"]

1. e4 c5 2. Nf3 Nc6 3. Bb5 e5 4. c3 a6 5. Bxc6 dxc6 6. d4 exd4 7. cxd4 Bg4 8. d5 cxd5 9. exd5 Bd6 10. O-O Ne7 11. Nc3 O-O 12. Bg5 f6 13. Bh4 Ng6 14. Bg3 Ne5 15. Ne4 Bxf3 16. gxf3 f5 17. Nxc5 Bxc5 18. Bxe5 f4 19. Kh1 Rf5 20. Rc1 Rxe5 21. Rxc5 Qd6 22. Qd4 Rg5 23. Re1 Rg6 24. Qc4 Rd8 25. Re6 Rxe6 26. dxe6 b5 27. Qb3 Qd1+ 28. Qxd1 Rxd1+ 29. Kg2 Kf8 30. Rc6 Rd2 31. Rxa6 Rxb2 32. a4 bxa4 33. Rxa4 Ke7 34. Ra7+ Kxe6 35. Rxg7 Rb5 36. Rxh7 Rg5+ 37. Kh1 Ke5 38. h4 Rg8 39. Kh2 Kf6 40. Rh5 Rg7 41. Ra5 Rg8 42. Ra1 Kf5 43. Rg1 Ra8 44. Rg5+ Kf6 45. Kh3 Ra2 46. Rg2 Ke5 47. Kg4 Ra1 48. h5 Ra8 49. h6 Rg8+ 50. Kh3 Rh8 51. Rg5+ Kf6 52. Rh5 Kg6 53. Kg4 Rh7 54. Rg5+ Kf6 55. Kh5 Ra7 56. Rg1 Kf5 57. Rb1 Rh7 58. Rb8 Kf6 59. Rf8+ Ke5 60. Kg6 1-0

[Event "NAYCC U16"]
[Site "Kingston CAN"]
[Date "2025.08.21"]
[Round "6.15"]
[White "Russell, Wesley"]
[Black "Kunapuli, Siddarth"]
[Result "1/2-1/2"]
[WhiteElo "1784"]
[BlackElo "1889"]
[WhiteFideId "-1"]
[WhiteFideId "-1"]
[PlyCount "72"]
[GameId "2218014717018428"]
[EventDate "2025.08.18"]
[EventType "swiss"]
[EventRounds "9"]
[EventCountry "CAN"]

1. e4 c5 2. Nf3 Nc6 3. Bc4 e6 4. O-O Nf6 5. Re1 Be7 6. e5 Nd5 7. Bxd5 exd5 8. Nc3 d4 9. Ne4 O-O 10. d3 d5 11. exd6 Bxd6 12. Nxd6 Qxd6 13. Nd2 Bf5 14. Ne4 Bxe4 15. Rxe4 f5 16. Bf4 Qd7 17. Re1 Rae8 18. Qd2 Nb4 19. a3 Nd5 20. h3 h6 21. Bh2 f4 22. Rxe8 Qxe8 23. Re1 Qg6 24. Qe2 Qg5 25. h4 Qf5 26. Qe6+ Qxe6 27. Rxe6 Rf5 28. g4 fxg3 29. Bxg3 Kf7 30. Re4 a5 31. Re5 Rxe5 32. Bxe5 g6 33. Kg2 Ke6 34. Bg7 h5 35. Bh6 b5 36. Kf3 Ne7 1/2-1/2

[Event "NAYCC U16"]
[Site "Kingston CAN"]
[Date "2025.08.21"]
[Round "6.16"]
[White "Mummidi, Aaryan"]
[Black "Dukkardt, Vladimir"]
[Result "1-0"]
[WhiteElo "1884"]
[BlackElo "1774"]
[WhiteFideId "-1"]
[WhiteFideId "-1"]
[PlyCount "91"]
[GameId "2218014717022525"]
[EventDate "2025.08.18"]
[EventType "swiss"]
[EventRounds "9"]
[EventCountry "CAN"]

1. d4 Nf6 2. c4 c5 3. d5 b5 4. cxb5 a6 5. e3 axb5 6. Bxb5 Qa5+ 7. Nc3 Bb7 8. Bc4 e6 9. Kf1 Qb4 10. Bb3 c4 11. Bc2 Nxd5 12. Nxd5 Bxd5 13. a3 Qb7 14. f3 Bc5 15. Kf2 Nc6 16. Ne2 Ne5 17. Nc3 Ra5 18. Nxd5 Bb6 19. b4 Rxd5 20. Qe2 Nd3+ 21. Bxd3 cxd3 22. Qd2 Ba7 23. Bb2 f5 24. Bxg7 f4 25. Bd4 Rxd4 26. exd4 Bxd4+ 27. Kf1 Bxa1 28. Qxd3 O-O 29. Ke2 Be5 30. Rd1 d5 31. Kf1 Rc8 32. Qe2 Qc7 33. Re1 Bc3 34. Qxe6+ Kh8 35. Re2 Qc4 36. g3 Rg8 37. Kg2 fxg3 38. hxg3 Qf4 39. Qxg8+ Kxg8 40. gxf4 d4 41. Kf2 Kf7 42. Re5 Kf6 43. b5 d3 44. Rd5 d2 45. Ke2 Ke6 46. Rxd2 1-0

[Event "NAYCC U16"]
[Site "Kingston CAN"]
[Date "2025.08.21"]
[Round "6.18"]
[White "Fillmore, Louis"]
[Black "Pollitt, Henry"]
[Result "0-1"]
[WhiteElo "1708"]
[BlackElo "1813"]
[WhiteFideId "-1"]
[WhiteFideId "-1"]
[PlyCount "96"]
[GameId "2218014717030719"]
[EventDate "2025.08.18"]
[EventType "swiss"]
[EventRounds "9"]
[EventCountry "CAN"]

1. e4 e5 2. Nf3 Nc6 3. Nc3 Nf6 4. a3 d5 5. Bb5 Bg4 6. exd5 Nxd5 7. Qe2 f6 8. d4 Nxc3 9. bxc3 Qd5 10. c4 Bxf3 11. cxd5 Bxe2 12. Kxe2 a6 13. Ba4 b5 14. dxc6 bxa4 15. d5 Rb8 16. Bd2 Bc5 17. Rhb1 Ke7 18. Bb4 Kd6 19. c4 Rb6 20. Ba5 Rb3 21. Rxb3 axb3 22. Kd3 Rb8 23. f4 b2 24. Rb1 Rb3+ 25. Kc2 Rxa3 26. Bc3 a5 27. fxe5+ fxe5 28. Kxb2 Bb4 29. Bxb4+ axb4 30. Rf1 Rc3 31. Rf7 Rxc4 32. Rd7+ Kc5 33. Rxg7 Kxd5 34. Rxc7 Rxc6 35. Rxh7 e4 36. Re7 Rg6 37. g3 Rh6 38. h4 Rg6 39. Kb3 Rxg3+ 40. Kxb4 Kd4 41. h5 Rh3 42. Rd7+ Ke3 43. Rh7 Kf2 44. Rf7+ Ke1 45. Rh7 e3 46. h6 e2 47. Rh8 Kf2 48. Rf8+ Rf3 0-1

[Event "NAYCC U16"]
[Site "Kingston CAN"]
[Date "2025.08.21"]
[Round "6.20"]
[White "Guliyev, Nadir"]
[Black "Huang, Eric"]
[Result "0-1"]
[WhiteElo "1693"]
[BlackElo "1773"]
[WhiteFideId "-1"]
[WhiteFideId "-1"]
[PlyCount "146"]
[GameId "2218014717047106"]
[EventDate "2025.08.18"]
[EventType "swiss"]
[EventRounds "9"]
[EventCountry "CAN"]

1. c4 c6 2. Nc3 d5 3. e3 Nf6 4. Nf3 e6 5. d4 Bd6 6. Bd3 O-O 7. O-O Nbd7 8. e4 Nxe4 9. Nxe4 dxe4 10. Bxe4 e5 11. Qc2 g6 12. c5 Bb8 13. Bg5 Qa5 14. Qc4 exd4 15. b4 Qc7 16. g3 Ne5 17. Qxd4 f5 18. Bf4 Nxf3+ 19. Bxf3 Qg7 20. Qxg7+ Kxg7 21. Bxb8 Rxb8 22. Rfe1 Kf7 23. a4 Re8 24. Red1 Re5 25. Rd8 Re8 26. Rad1 Be6 27. Rxb8 Rxb8 28. b5 cxb5 29. axb5 Rc8 30. c6 bxc6 31. bxc6 Ke7 32. h3 Rc7 33. h4 Bc4 34. Re1+ Kf7 35. Bg2 Bb5 36. Rc1 Ke7 37. Re1+ Kd6 38. Rd1+ Kc5 39. Rc1+ Kb6 40. Rb1 a6 41. Bf3 Ka5 42. Rc1 Kb4 43. Rb1+ Kc5 44. Rc1+ Kb6 45. Rb1 Re7 46. Kg2 Kc7 47. Ra1 Re6 48. Kh2 Rd6 49. Ra3 Bxc6 50. Bxc6 Rxc6 51. Kh3 Kb6 52. g4 fxg4+ 53. Kxg4 Rc5 54. Re3 a5 55. Re8 h5+ 56. Kg3 Kb5 57. Rb8+ Ka6 58. Rd8 Rc6 59. Kf4 Kb5 60. Kg5 a4 61. Rb8+ Ka5 62. Ra8+ Ra6 63. Rxa6+ Kxa6 64. Kxg6 a3 65. Kxh5 a2 66. f4 a1=Q 67. f5 Qa3 68. Kg6 Qf8 69. f6 Kb6 70. h5 Kc6 71. h6 Kd6 72. h7 Ke6 73. Kh5 Kxf6 0-1

[Event "NAYCC U16"]
[Site "Kingston CAN"]
[Date "2025.08.21"]
[Round "6.22"]
[White "Grosman, Ari"]
[Black "Chen, Larry"]
[Result "0-1"]
[WhiteElo "1747"]
[BlackElo "1742"]
[WhiteFideId "-1"]
[WhiteFideId "-1"]
[PlyCount "150"]
[GameId "2218014717055300"]
[EventDate "2025.08.18"]
[EventType "swiss"]
[EventRounds "9"]
[EventCountry "CAN"]

1. d4 Nf6 2. Nf3 e6 3. Bf4 b6 4. e3 Bb7 5. Nbd2 c5 6. c3 d5 7. Ne5 Be7 8. Bb5+ Nfd7 9. h4 a6 10. Bd3 Nxe5 11. dxe5 Nc6 12. Qg4 Bf8 13. Nf3 Qc7 14. O-O O-O-O 15. Bg3 Kb8 16. Rfb1 h5 17. Qa4 b5 18. Qc2 d4 19. exd4 cxd4 20. a4 b4 21. Qe2 a5 22. Be4 Bc5 23. Rc1 Qb6 24. cxd4 Nxd4 25. Nxd4 Bxd4 26. Bxb7 Qxb7 27. Rd1 Rd5 28. Rd2 Rhd8 29. Rad1 Qd7 30. Kh1 Qxa4 31. Qxh5 g6 32. Qf3 Qd7 33. b3 Qc7 34. Qe4 Qc3 35. f3 Qxb3 36. Rxd4 Qxd1+ 37. Rxd1 Rxd1+ 38. Kh2 R8d5 39. Be1 Rb5 40. Qc4 Rb7 41. Qc5 b3 42. Qxa5 Rd5 43. Qa1 b2 44. Qb1 Rc5 45. Bd2 Rb3 46. Kh3 Kb7 47. Kg4 Rc4+ 48. Kg5 Kc8 49. Kf6 Rb7 50. g4 Ra4 51. Bc1 Ra1 52. Qc2+ Rc7 53. Qxb2 Raxc1 54. Qd2 Rf1 55. f4 Rc4 56. Kg5 Rg1 57. Qd6 Rc7 58. Qd4 Rg3 59. Qd1 Rd7 60. Qe1 Rg2 61. Qf1 Rg3 62. Qf2 Rgd3 63. h5 gxh5 64. gxh5 Kd8 65. Kf6 Rh3 66. Qb6+ Kc8 67. Qc6+ Kd8 68. Qa8+ Kc7 69. Qh8 Rd4 70. Qh6 Rd7 71. Qg5 Kb6 72. h6 Kc5 73. Qg1+ Rd4 74. Kxf7 Rxh6 75. Qc1+ Kd5 0-1

[Event "NAYCC U16"]
[Site "Kingston CAN"]
[Date "2025.08.22"]
[Round "7.1"]
[White "Willy, Stephen"]
[Black "Wu, Jonathan"]
[Result "1-0"]
[WhiteElo "2242"]
[BlackElo "2130"]
[WhiteFideId "-1"]
[WhiteFideId "-1"]
[PlyCount "73"]
[GameId "2218455454723961"]
[EventDate "2025.08.18"]
[EventType "swiss"]
[EventRounds "9"]
[EventCountry "CAN"]

1. Nf3 Nf6 2. c4 g6 3. Nc3 Bg7 4. e4 d6 5. d4 O-O 6. Bd3 Bg4 7. Be2 e5 8. d5 Na6 9. h3 Bd7 10. Nd2 Ne8 11. a3 c5 12. g4 Nac7 13. h4 a6 14. a4 b6 15. Ra3 Rb8 16. Rb3 f5 17. gxf5 gxf5 18. exf5 Bxf5 19. Nde4 Nf6 20. Bg5 Qd7 21. Ng3 e4 22. h5 h6 23. Be3 Ng4 24. Nxf5 Nxf2 25. Bxf2 Qxf5 26. Be3 b5 27. axb5 axb5 28. cxb5 Be5 29. Qc2 Ra8 30. Ra3 Kh8 31. b6 Nxd5 32. Nxd5 Rxa3 33. Ne7 Bc3+ 34. bxc3 Ra1+ 35. Kd2 Qf7 36. Ng6+ Kg7 37. Rxa1 1-0

[Event "NAYCC U16"]
[Site "Kingston CAN"]
[Date "2025.08.22"]
[Round "7.2"]
[White "Colville, Julian"]
[Black "Yang, Larry"]
[Result "1-0"]
[WhiteElo "2287"]
[BlackElo "2108"]
[WhiteFideId "-1"]
[WhiteFideId "-1"]
[PlyCount "121"]
[GameId "2218455454834564"]
[EventDate "2025.08.18"]
[EventType "swiss"]
[EventRounds "9"]
[EventCountry "CAN"]

1. d4 Nf6 2. c4 g6 3. h4 c6 4. Nc3 d5 5. cxd5 cxd5 6. Bf4 Bg7 7. e3 O-O 8. h5 Nc6 9. hxg6 hxg6 10. Qd2 Ne4 11. Nxe4 dxe4 12. d5 Ne5 13. f3 Nd3+ 14. Bxd3 exd3 15. e4 Qb6 16. Rb1 Bd7 17. Bh6 Qd4 18. Bxg7 Qxg7 19. Qxd3 f5 20. Ne2 fxe4 21. fxe4 Qf6 22. Qg3 Rac8 23. Nf4 Rc2 24. O-O Qd4+ 25. Kh1 Rf7 26. Nxg6 Rh7+ 27. Nh4+ Qg7 28. Qxg7+ Kxg7 29. g3 Bh3 30. Rfe1 Rh8 31. Re3 Kf6 32. e5+ Kg5 33. Kg1 Rd8 34. Rd1 Bg4 35. Nf3+ Bxf3 36. Rxf3 Re2 37. d6 Rxe5 38. d7 Rc5 39. Rc3 Rxc3 40. bxc3 Kf5 41. Kf2 Ke6 42. Ke3 Rxd7 43. Rxd7 Kxd7 44. Kf4 Ke6 45. Kg5 Ke5 46. g4 Ke4 47. Kh6 e5 48. g5 Kd3 49. g6 e4 50. g7 e3 51. g8=Q e2 52. Qg1 Kd2 53. Qd4+ Kc2 54. Qe3 Kd1 55. Qd3+ Ke1 56. Kh5 Kf2 57. Qd2 Kf1 58. Qf4+ Kg2 59. Qe3 Kf1 60. Qf3+ Kg1 61. Qxe2 1-0

[Event "NAYCC U16"]
[Site "Kingston CAN"]
[Date "2025.08.22"]
[Round "7.3"]
[White "Wang, Nathan"]
[Black "Kilari, Dattasai"]
[Result "1-0"]
[WhiteElo "1994"]
[BlackElo "1949"]
[WhiteFideId "-1"]
[WhiteFideId "-1"]
[PlyCount "95"]
[GameId "2218455454867343"]
[EventDate "2025.08.18"]
[EventType "swiss"]
[EventRounds "9"]
[EventCountry "CAN"]

1. e4 c6 2. d4 d5 3. e5 c5 4. dxc5 e6 5. c3 Bxc5 6. Qg4 Ne7 7. b4 Bb6 8. Qxg7 Rg8 9. Qxh7 a5 10. b5 Nd7 11. Nf3 Qc7 12. Bf4 Rg4 13. Qh8+ Nf8 14. g3 Bd7 15. Be2 Rg8 16. Qf6 Rg6 17. Qh4 Nf5 18. Qh3 Qc5 19. O-O O-O-O 20. Bg5 Re8 21. Nbd2 Bxb5 22. Bxb5 Qxb5 23. c4 dxc4 24. Rab1 Qa6 25. Nxc4 Bc5 26. Rfe1 Kb8 27. Qf1 Qa7 28. Rb5 Bb4 29. a4 Nh7 30. Bf4 Rd8 31. Nb6 Ne7 32. Qc4 Nc6 33. Be3 Qa6 34. Nd4 Rxd4 35. Bxd4 Ng5 36. Kg2 Rg8 37. Be3 Nf3 38. Nd7+ Kc7 39. Rd1 Ne1+ 40. Kf1 Rh8 41. Bb6+ Kc8 42. h4 Nf3 43. Be3 Rg8 44. Qe4 Nh2+ 45. Kg2 Ng4 46. Nf6 Nxf6 47. exf6 Kb8 48. Rb6 1-0

[Event "NAYCC U16"]
[Site "Kingston CAN"]
[Date "2025.08.22"]
[Round "7.4"]
[White "Lu, Tony"]
[Black "Zhang, Daniel"]
[Result "1-0"]
[WhiteElo "1974"]
[BlackElo "1922"]
[WhiteFideId "-1"]
[WhiteFideId "-1"]
[PlyCount "79"]
[GameId "2218455454883730"]
[EventDate "2025.08.18"]
[EventType "swiss"]
[EventRounds "9"]
[EventCountry "CAN"]

1. e4 g6 2. d4 Bg7 3. Nc3 d6 4. f4 Nf6 5. Rb1 O-O 6. Nf3 Bg4 7. Be2 Nbd7 8. e5 Ne8 9. Ne4 c5 10. c3 Qa5 11. O-O Qxa2 12. Be3 Qa5 13. h3 Bf5 14. Ra1 Qd8 15. Ng3 Nc7 16. Nxf5 gxf5 17. Qc2 e6 18. exd6 Nd5 19. Qd2 Nxe3 20. Qxe3 cxd4 21. Nxd4 Nf6 22. Rfd1 Nd5 23. Qf2 Qxd6 24. Nxf5 exf5 25. Ra5 Qb6 26. Raxd5 Qxb2 27. R1d3 Rfe8 28. Rd2 Qxc3 29. Kh2 Qe3 30. Qh4 h6 31. R5d3 Qe7 32. Qh5 Qe4 33. Rg3 Kh8 34. Rd7 Re7 35. Bd3 Qe6 36. Rxe7 Qxe7 37. Qxf5 Kg8 38. Qh7+ Kf8 39. Qxg7+ Ke8 40. Bb5+ 1-0

[Event "NAYCC U16"]
[Site "Kingston CAN"]
[Date "2025.08.22"]
[Round "7.5"]
[White "Qian, Eric"]
[Black "Tang, Dylan"]
[Result "0-1"]
[WhiteElo "1967"]
[BlackElo "2246"]
[WhiteFideId "-1"]
[WhiteFideId "-1"]
[PlyCount "106"]
[GameId "2218455454883731"]
[EventDate "2025.08.18"]
[EventType "swiss"]
[EventRounds "9"]
[EventCountry "CAN"]

1. Nf3 d5 2. c4 d4 3. e3 c5 4. g3 Nf6 5. Bg2 Nc6 6. O-O e5 7. d3 dxe3 8. Bxe3 Bd6 9. Nc3 O-O 10. Ne4 Nxe4 11. dxe4 Be6 12. Qd3 Nd4 13. Bxd4 cxd4 14. c5 Bc7 15. b4 Qe7 16. h4 f6 17. Kh2 b6 18. cxb6 Bxb6 19. a3 Rfc8 20. Rfc1 Qd7 21. Nd2 Rc3 22. Qf1 Rac8 23. Rd1 Rc2 24. Bh3 Bxh3 25. Qxh3 Qxh3+ 26. Kxh3 d3 27. Nf3 R8c3 28. Ne1 Rxf2 29. Rxd3 Rxd3 30. Nxd3 Rd2 31. Nc5 Bxc5 32. bxc5 Rc2 33. Rb1 Rxc5 34. Rb8+ Kf7 35. Rb7+ Kg6 36. Rxa7 Rc4 37. a4 Rxe4 38. a5 h5 39. a6 Re2 40. Ra8 Ra2 41. Ra7 Kh6 42. Ra8 Kh7 43. Ra7 Kg6 44. Ra8 Kf5 45. Rg8 g6 46. Ra8 Ra4 47. Kg2 Kg4 48. Rg8 Ra2+ 49. Kf1 Rxa6 50. Rxg6+ Kf3 51. Kg1 e4 52. Kf1 e3 53. Kg1 e2 0-1

[Event "NAYCC U16"]
[Site "Kingston CAN"]
[Date "2025.08.22"]
[Round "7.6"]
[White "Darvekar, Yash"]
[Black "Liu, Ethan"]
[Result "0-1"]
[WhiteElo "1934"]
[BlackElo "2136"]
[WhiteFideId "-1"]
[WhiteFideId "-1"]
[PlyCount "120"]
[GameId "2218455454883732"]
[EventDate "2025.08.18"]
[EventType "swiss"]
[EventRounds "9"]
[EventCountry "CAN"]

1. e4 c5 2. Nf3 e6 3. d4 cxd4 4. Nxd4 Nc6 5. Nc3 a6 6. Be2 Qc7 7. Be3 Nf6 8. O-O Be7 9. f4 d6 10. Qe1 O-O 11. Qg3 Nxd4 12. Bxd4 b5 13. a3 Bb7 14. Kh1 Rad8 15. Rae1 Rd7 16. Bf3 Qd8 17. Rd1 Ne8 18. e5 Bxf3 19. Qxf3 dxe5 20. Bxe5 Nf6 21. Rxd7 Qxd7 22. Rd1 Qc8 23. h3 h6 24. Bd6 Re8 25. Bxe7 Rxe7 26. Rd6 Rd7 27. Qc6 Qxc6 28. Rxc6 Rd2 29. Rxa6 Rxc2 30. Nxb5 Rxb2 31. Nd6 Nh5 32. Ra8+ Kh7 33. Nxf7 Nxf4 34. Re8 Rxg2 35. Rh8+ Kg6 36. Nxh6 Rg3 37. Ng4 Nxh3 38. Kh2 Rxg4 39. Rxh3 Kf5 40. Rf3+ Rf4 41. Rb3 g5 42. Kg3 Rd4 43. Rf3+ Rf4 44. Rb3 g4 45. Rc3 e5 46. Rb3 Rd4 47. Rc3 Rd1 48. Rb3 Rd2 49. Rc3 Rd5 50. a4 e4 51. Rc8 Rd3+ 52. Kf2 Rf3+ 53. Ke2 Ra3 54. Rf8+ Ke5 55. Ra8 Kf4 56. a5 g3 57. Rf8+ Kg4 58. Re8 Rxa5 59. Rxe4+ Kh3 60. Kf3 Rf5+ 0-1

[Event "NAYCC U16"]
[Site "Kingston CAN"]
[Date "2025.08.22"]
[Round "7.7"]
[White "Dhaliwal, Jaipreet Singh"]
[Black "Muthukumaran, Gurru"]
[Result "1/2-1/2"]
[WhiteElo "2036"]
[BlackElo "1939"]
[WhiteFideId "-1"]
[WhiteFideId "-1"]
[PlyCount "205"]
[GameId "2218455454891925"]
[EventDate "2025.08.18"]
[EventType "swiss"]
[EventRounds "9"]
[EventCountry "CAN"]

1. e4 c5 2. Nf3 Nc6 3. d4 cxd4 4. Nxd4 g6 5. Nc3 Bg7 6. Be3 Nf6 7. Bc4 O-O 8. Bb3 Re8 9. f3 e6 10. f4 d5 11. e5 Ne4 12. Nxe4 dxe4 13. Nxc6 bxc6 14. Qxd8 Rxd8 15. Rd1 Rxd1+ 16. Kxd1 f5 17. exf6 Bxf6 18. Kc1 Kg7 19. Rd1 a5 20. Ba4 Rb8 21. c3 e5 22. Bxc6 Bf5 23. h3 h5 24. Bd7 exf4 25. Bxf4 Ra8 26. g4 hxg4 27. hxg4 g5 28. Bxf5 gxf4 29. Bxe4 Re8 30. Bc6 Re3 31. Rf1 Bg5 32. Rf3 Re1+ 33. Kc2 Rg1 34. Bd7 Kf6 35. b4 axb4 36. cxb4 Ke5 37. a4 Ke4 38. Rc3 f3 39. Bc6+ Kd4 40. Rd3+ Kc4 41. Bd5+ Kxb4 42. Bxf3 Rc1+ 43. Kb2 Kxa4 44. Bd1+ Kb4 45. Bb3 Rc5 46. Rd4+ Kb5 47. Re4 Kb6 48. Bc4 Kc7 49. Kc2 Kd6 50. Re6+ Kd7 51. Re4 Kd6 52. Rd4+ Ke7 53. Kd3 Re5 54. Bb3 Re3+ 55. Kc4 Re5 56. Bc2 Be3 57. Rd1 Kf6 58. Rf1+ Kg5 59. Bf5 Bf4 60. Kd4 Re2 61. Rh1 Rh2 62. Rb1 Rd2+ 63. Ke4 Re2+ 64. Kf3 Re3+ 65. Kf2 Ra3 66. Rb7 Kf6 67. Rb6+ Ke5 68. Re6+ Kd5 69. Re2 Rc3 70. Be6+ Kd6 71. Bf5 Kd5 72. Bg6 Ra3 73. Be8 Bg3+ 74. Kg2 Bf4 75. Bd7 Re3 76. Rc2 Kd6 77. Bf5 Ra3 78. Rc4 Bg5 79. Rd4+ Ke5 80. Re4+ Kd5 81. Re2 Re3 82. Ra2 Ke5 83. Bc8 Rd3 84. Re2+ Re3 85. Rf2 Bf4 86. Ra2 Rd3 87. Ra5+ Rd5 88. Ra3 Bc1 89. Rb3 Rc5 90. Bb7 Bf4 91. Kh3 Bg5 92. Bg2 Ra5 93. Rf3 Ke6 94. Rf8 Ra3+ 95. Bf3 Ra5 96. Rb8 Kf6 97. Bd1 Re5 98. Kg2 Ra5 99. Bb3 Rc5 100. Kf3 Ra5 101. Rb6+ Kg7 102. Ke4 Bf6 103. Bd5 1/2-1/2

[Event "NAYCC U16"]
[Site "Kingston CAN"]
[Date "2025.08.22"]
[Round "7.8"]
[White "Iordanescu, Victor Nicolae"]
[Black "Kurup, Siddharth"]
[Result "1/2-1/2"]
[WhiteElo "1901"]
[BlackElo "2022"]
[WhiteFideId "-1"]
[WhiteFideId "-1"]
[PlyCount "103"]
[GameId "2218455454891926"]
[EventDate "2025.08.18"]
[EventType "swiss"]
[EventRounds "9"]
[EventCountry "CAN"]

1. d4 d5 2. c4 e6 3. Nf3 a6 4. g3 dxc4 5. Bg2 b5 6. Ne5 c6 7. Nxc6 Qb6 8. Nxb8 Rxb8 9. O-O Bb7 10. Bxb7 Qxb7 11. b3 cxb3 12. axb3 Nf6 13. Nc3 Bb4 14. Bd2 Be7 15. e3 O-O 16. Qe2 Rfd8 17. Ra2 Ra8 18. Rfa1 h6 19. Be1 Rdc8 20. Qd3 Rd8 21. Qf1 Nd5 22. Nxd5 Qxd5 23. Qd3 Qb7 24. Qe2 Bf6 25. Bc3 Qd5 26. Qb2 Rd6 27. Qc2 Rc6 28. e4 Qd8 29. Qd2 Rxc3 30. Qxc3 Bxd4 31. Qc6 Bxa1 32. Rxa1 Qc8 33. Qxc8+ Rxc8 34. Rxa6 Rc3 35. Ra8+ Kh7 36. Rf8 Kg6 37. h4 Rxb3 38. Kg2 h5 39. Rb8 b4 40. Rb5 Rb1 41. Kf3 b3 42. Kg2 Kh6 43. Kf3 g6 44. Kg2 Kg7 45. e5 Kh6 46. f4 Kg7 47. Rb8 Rb2+ 48. Kf3 Kh7 49. Ke3 Kh6 50. Kf3 Kg7 51. Ke3 Rg2 52. Kf3 1/2-1/2